[Event "AUTO-OPEN-2051"]
[Site "http://www.queenalice.com/game.php?id=808290"]
[Date "2010.7.25"]
[Round "1"]
[White "danielrodrigues"]
[Black "Emile"]
[Result "1-0"]
[WhiteElo "1434"]
[BlackElo "1240"]

1. e4 e5 2. d4 exd4 3. Qxd4 Qf6 4. Qd1 Bc5 5. Nf3 g5 6. e5 Qf5 7. Nc3 Qe4+ 8.
Be3 Be7 9. Nxe4 d6 10. Bd3 d5 11. Nc3 c6 12. O-O 1-0

[Event "AUTO-OPEN-2051"]
[Site "http://www.queenalice.com/game.php?id=808291"]
[Date "2010.7.25"]
[Round "1"]
[White "Emile"]
[Black "danielrodrigues"]
[Result "0-1"]
[WhiteElo "1232"]
[BlackElo "1442"]

1. e4 e5 2. Qf3 d6 3. Bc4 Nf6 4. d3 Nc6 5. Bg5 Be7 6. Bxf6 Bxf6 7. Qh5 O-O 8.
Na3 Be6 9. Bxe6 Nd4 10. Rc1 c5 11. c3 Qe7 12. Qg4 a5 0-1

[Event "Challenge"]
[Site "http://www.queenalice.com/game.php?id=811803"]
[Date "2010.8.1"]
[Round "-"]
[White "filipewao"]
[Black "danielrodrigues"]
[Result "1/2-1/2"]
[WhiteElo "1672"]
[BlackElo "1534"]

1. e4 e5 2. Nf3 Nc6 3. Bc4 Nf6 4. Ng5 d6 5. Nxf7 Qe7 6. Nxh8 Be6 7. Bxe6 Qxe6 8.
d3 O-O-O 9. Nc3 Be7 10. O-O Rxh8 11. a4 g6 12. Be3 Kb8 13. Nb5 Rc8 14. c4 h5 15.
Ra2 Ng4 16. h3 Nxe3 17. fxe3 Bg5 18. Re1 Na5 19. b4 Nc6 20. Kf2 Nxb4 21. Rb2 Nc6
22. Qb3 Bh4+ 23. g3 Qxh3 24. Ke2 Qxg3 25. Rbb1 Qf2+ 26. Kd1 Qxe1+ 27. Kc2 Qe2+
28. Kc1 Qxe3+ 29. Kb2 Na5 30. Qd1 Nxc4+ 31. Kb3 Qc5 32. dxc4 Qe3+ 33. Nc3 Qb6+
34. Kc2 Qf2+ 1/2-1/2

[Event "Challenge"]
[Site "http://www.queenalice.com/game.php?id=811804"]
[Date "2010.8.1"]
[Round "-"]
[White "danielrodrigues"]
[Black "filipewao"]
[Result "1/2-1/2"]
[WhiteElo "1572"]
[BlackElo "1618"]

1. e4 e5 2. d4 exd4 3. Qxd4 Nf6 4. Qd1 Nxe4 5. Bd3 Qh4 6. Be3 Bc5 7. Nf3 Qe7 8.
Nc3 Nxc3 9. Qc1 Nd5 10. O-O O-O 11. Bxc5 Qxc5 12. Qg5 h6 13. Qd2 Nc6 14. Nh4 d6
15. Nf3 Bh3 16. Nh4 Rae8 17. Rfe1 Qd4 18. c3 Qxh4 19. Bf1 Ne5 20. Qe2 f6 21. Qd1
Qg5 22. Qxd5+ Kh8 23. Qxb7 Rb8 24. Qxc7 Nf3+ 25. Kh1 Nxe1 26. Rxe1 Bc8 27. Qxb8
Qd2 28. Re2 Qd5 29. Qxa7 Bb7 30. Qe3 Ba6 31. Re1 Qxa2 32. Bxa6 Qxa6 33. Qe7 Kg8
34. b4 Rf7 35. Qe8+ Rf8 36. Qe6+ Kh7 37. c4 Ra8 38. h3 h5 39. g4 hxg4 40. hxg4
Rh8 41. Kg2 Qc6+ 42. f3 Kg6 43. c5 Rd8 44. b5 Qxc5 45. Qe7 Rb8 46. f4 Qxb5 47.
Qxd6 Qb2+ 48. Kf1 Rb3 49. Re2 Rf3+ 50. Ke1 Qc1+ 51. Qd1 Qxd1+ 52. Kxd1 Rxf4 53.
Rg2 Kg5 54. Ke2 f5 55. gxf5+ 1/2-1/2

[Event "Challenge"]
[Site "http://www.queenalice.com/game.php?id=836764"]
[Date "2010.9.23"]
[Round "-"]
[White "danielrodrigues"]
[Black "miltonferreira"]
[Result "0-1"]
[WhiteElo "1551"]
[BlackElo "1525"]

1. e4 e5 2. d4 exd4 3. Qxd4 Nc6 4. Qd1 Nf6 5. Nf3 Qe7 6. Nc3 Qe6 7. Nb5 Qxe4+ 8.
Be3 Rb8 9. Nxc7+ Kd8 10. Bd3 Qb4+ 11. Bd2 Qb6 12. Bf4 Bb4+ 13. c3 Ba5 14. Nb5
Re8+ 15. Be3 Ng4 16. O-O Nxe3 17. Qe1 Nxg2 18. Kxg2 Rxe1 19. Nxe1 Ne5 20. Bxh7
Qxb5 21. a4 Qd5+ 22. Kg1 Nf3+ 23. Nxf3 Qxf3 0-1

[Event "Challenge"]
[Site "http://www.queenalice.com/game.php?id=836765"]
[Date "2010.9.23"]
[Round "-"]
[White "danielrodrigues"]
[Black "miltonferreira"]
[Result "0-1"]
[WhiteElo "1540"]
[BlackElo "1533"]

1. e4 e5 2. d4 exd4 3. Qxd4 Nc6 4. Qd1 Bb4+ 5. Bd2 Nf6 6. Bd3 d6 7. Bxb4 Nxb4 8.
c3 Nc6 9. Nf3 Bg4 10. Nbd2 Ne5 11. Bc2 O-O 12. O-O c5 13. b4 cxb4 14. cxb4 Rc8
15. Bb3 Bh5 16. a4 d5 17. Bxd5 Nxd5 18. exd5 Qxd5 19. Qe1 Rce8 20. Nxe5 Rxe5 21.
Qc1 Rg5 22. Nf3 Bxf3 23. Qc5 Rxg2+ 24. Kh1 Rg4# 0-1

[Event "Challenge"]
[Site "http://www.queenalice.com/game.php?id=836766"]
[Date "2010.9.23"]
[Round "-"]
[White "danielrodrigues"]
[Black "miltonferreira"]
[Result "1-0"]
[WhiteElo "1556"]
[BlackElo "1563"]

1. e4 e5 2. d4 exd4 3. Qxd4 Nc6 4. Qd1 Qe7 5. Nc3 Nf6 6. Nb5 Qxe4+ 7. Be3 Bb4+
8. c3 Be7 9. Nxc7+ Kf8 10. Nxa8 Qe5 11. Nf3 Qb8 12. Bb5 a6 13. Nb6 axb5 14. Nxc8
Qxc8 15. O-O Qe8 16. Qe2 d5 17. Ng5 Ne4 18. Nxe4 dxe4 19. Qxb5 Bd6 20. Bc5 Qd7
21. Bxd6+ Ne7 22. Qb4 f5 23. Rad1 Kf7 24. Bxe7 Qxe7 25. Qc4+ Kg6 26. a4 h5 27.
b4 Rh6 28. b5 Kh7 29. Qe2 Qg5 30. a5 Rg6 31. g3 f4 32. Qxe4 fxg3 33. hxg3 Kh8
34. Qxb7 Kh7 35. a6 h4 36. a7 hxg3 37. a8=Q gxf2+ 38. Kxf2 Qh4+ 39. Ke3 Qh3+ 40.
Rf3 Re6+ 41. Qe4+ 1-0

[Event "Challenge"]
[Site "http://www.queenalice.com/game.php?id=837693"]
[Date "2010.9.25"]
[Round "-"]
[White "Scaracioli"]
[Black "danielrodrigues"]
[Result "1-0"]
[WhiteElo "1636"]
[BlackElo "1509"]

1. e4 e5 2. Nf3 Nc6 3. Bb5 Nge7 4. Nc3 d6 5. Bxc6+ Nxc6 6. d3 Be7 7. Be3 Bf6 8.
Nd5 Be6 9. Nxf6+ gxf6 10. O-O Qe7 11. h3 O-O-O 12. a3 Kb8 13. g4 Rhg8 14. Nh2 h5
15. f3 hxg4 16. fxg4 Rc8 17. Rf3 Rh8 18. Qd2 Qf8 19. Rxf6 Qg7 20. Raf1 Rxh3 21.
Qg2 Rhh8 22. g5 Bh3 23. Qg3 Bxf1 24. Kxf1 Qg8 25. c3 Qe8 26. Ng4 Na5 27. Nh6 Qb5
28. Bc1 Nc4 29. dxc4 Qxc4+ 30. Kg2 Qe2+ 31. Rf2 Qd1 32. Be3 Qa4 33. Qg4 b6 34.
Nxf7 Qd1 35. Qxd1 Rh4 36. Qf3 Rf8 37. Qf5 a5 38. g6 Rg8 39. Kf1 Rh1+ 40. Ke2 Rg1
41. Ng5 Rh8 42. g7 Rg8 43. Ne6 Kb7 44. Qf8 R1xg7 45. Qxg7 Rxg7 46. Nxg7 Kc6 47.
b4 Kb5 48. bxa5 Kxa5 49. Ne6 c5 50. Nc7 Ka4 51. Bc1 Kb3 52. Rf3 Kc2 53. Bd2 c4
54. Nd5 b5 55. Nb4+ Kb3 56. Rf6 Kxa3 57. Rxd6 1-0

[Event "Challenge"]
[Site "http://www.queenalice.com/game.php?id=837771"]
[Date "2010.9.25"]
[Round "-"]
[White "Ares23"]
[Black "danielrodrigues"]
[Result "0-1"]
[WhiteElo "1375"]
[BlackElo "1543"]

1. e4 e5 2. Nf3 Nc6 3. Nc3 d6 4. Bb5 Bd7 5. d3 Nf6 6. O-O Na5 7. Bg5 Qe7 8. Qd2
O-O-O 9. Rad1 Kb8 10. Rfe1 Qe6 11. a3 Nc6 12. Bh4 Be7 13. Bxf6 Bxf6 14. b4 h5
15. Ng5 Bxg5 16. Qxg5 g6 17. Qe3 f5 18. Bxc6 f4 19. Qh3 Qe7 20. Bxd7 Rxd7 21. d4
g5 22. g3 g4 23. Qg2 f3 24. Qf1 h4 25. Nd5 Qf7 26. c3 h3 27. a4 Rdd8 28. b5 c5
29. dxc5 dxc5 30. c4 Rc8 31. a5 b6 32. axb6 axb6 33. Nxb6 Rcd8 34. Na4 Qa7 0-1

[Event "Challenge"]
[Site "http://www.queenalice.com/game.php?id=848803"]
[Date "2010.10.21"]
[Round "-"]
[White "Scaracioli"]
[Black "danielrodrigues"]
[Result "1-0"]
[WhiteElo "1619"]
[BlackElo "1574"]

1. e4 e5 2. Nf3 d6 3. d4 Nc6 4. d5 Nb4 5. a3 Na6 6. Nc3 Nc5 7. Be3 Nf6 8. Bd3
Be7 9. b4 Nxd3+ 10. Qxd3 Bg4 11. h3 Bxf3 12. gxf3 O-O 13. Bg5 Nh5 14. Bxe7 Qxe7
15. Nb5 Nf4 16. Qd2 a6 17. Nc3 c6 18. dxc6 bxc6 19. O-O-O d5 20. exd5 cxd5 21.
Nxd5 Nxd5 22. Qxd5 Qg5+ 23. Rd2 Rad8 24. h4 Qe7 25. Qe4 Qc7 26. Rhd1 Qc3 27. Kb1
Rb8 28. Rd3 Qc7 29. c4 Ra8 30. c5 1-0

[Event "Challenge"]
[Site "http://www.queenalice.com/game.php?id=850914"]
[Date "2010.10.26"]
[Round "-"]
[White "danielrodrigues"]
[Black "AuntieRenie"]
[Result "0-1"]
[WhiteElo "1552"]
[BlackElo "1580"]

1. e4 d6 2. d4 Nf6 3. Nc3 Nbd7 4. d5 g6 5. Bd3 Bg7 6. Be3 O-O 7. Nf3 c6 8. Qe2
cxd5 9. exd5 Nb6 10. O-O-O Nbxd5 11. Kb1 Nxc3+ 12. bxc3 Be6 13. Ng5 Qc7 14. Bd4
Nd5 15. Qf3 Bxd4 16. cxd4 Nc3+ 17. Kb2 Nxa2 18. Rhe1 Qc3+ 19. Kb1 Qb4+ 20. Ka1
Qa3 21. Qxb7 Nc3# 0-1

[Event "AUTO-OPEN-2018"]
[Site "http://www.queenalice.com/game.php?id=855692"]
[Date "2010.11.6"]
[Round "3"]
[White "danielrodrigues"]
[Black "HILITO"]
[Result "0-1"]
[WhiteElo "1531"]
[BlackElo "2141"]

1. e4 c6 2. d4 d5 3. e5 Bf5 4. Nf3 e6 5. b3 Qb6 6. Bb2 c5 7. dxc5 Bxc5 8. Nd4
Ne7 9. Na3 Bxa3 10. Bxa3 Qa5+ 11. b4 Qxa3 12. b5 Nd7 13. Bd3 Qb4+ 14. Ke2 Qxd4
15. Re1 Qxe5+ 16. Kf1 Qxh2 17. a4 Qh1+ 18. Ke2 Bg4+ 0-1

[Event "AUTO-OPEN-2018"]
[Site "http://www.queenalice.com/game.php?id=855693"]
[Date "2010.11.6"]
[Round "3"]
[White "HILITO"]
[Black "danielrodrigues"]
[Result "1-0"]
[WhiteElo "2140"]
[BlackElo "1533"]

1. e4 e5 2. Nf3 d6 3. Bc4 Nc6 4. O-O Nf6 5. Re1 b6 6. c3 Bb7 7. d4 Qe7 8. Bg5
O-O-O 9. d5 Kb8 10. dxc6 Bxc6 11. Bd5 Bb7 12. c4 h6 13. Bxf6 Qxf6 14. Bxb7 Kxb7
15. Nc3 g5 16. Nd5 Qe6 17. a4 a6 18. b4 Qd7 19. c5 1-0